AP Spanish Lit works - Statistics

General Stats
  • This quiz has been taken 124 times
  • The average score is 37 of 76
Answer Stats
Obra Autor % Correct
A Julia de Burgos Julia de Burgos
83%
Don Quijote Miguel de Cervantes
80%
El Sur Jorge Luis Borges
74%
Borges y yo Jorge Luis Borges
74%
...y no se lo tragó la tierra Tomás Rivera
74%
El ahogado más hermoso del mundo Gabriel García Márquez
71%
Dos palabras Isabel Allende
71%
Chac Mool Carlos Fuentes
69%
Balada de los dos abuelos Nicolás Guillén
69%
El hombre que se convirtió en perro Osvaldo Dragún
66%
Como la vida misma Rosa Montero
66%
A Roosevelt Rubén Darío
66%
Lazarillo de Tormes Anónimo
63%
Conde Lucanor Don Juan Manuel
63%
El hijo Horacio Quiroga
63%
Las medias rojas Emilia Pardo Bazán
60%
Boom
57%
Boom
57%
Barroco
54%
La casa de Bernarda Alba Federico García Lorca
54%
La siesta del martes Gabriel García Márquez
54%
En una tempestad José María Heredia
54%
Mujer negra Nancy Morejón
54%
Walking around Pablo Neruda
54%
Mi caballo mago Sabine Ulibarrí
54%
El burlador de Sevilla y convidado de piedra Tirso de Molina
54%
Romance de la pérdida de Alhama Anónimo
51%
Boom
51%
Boom
51%
No oyes ladrar los perros Juan Rulfo
51%
La noche boca arriba Julio Cortázar
51%
Vanguardismo
51%
He andado muchos caminos Antonio Machado
49%
Boom
49%
Edad Media
49%
Segunda carta de relación Hernán Cortés
49%
Nuestra América José Martí
49%
San Manuel Bueno, mártir Miguel de Unamuno
49%
Naturalismo
49%
Hombres necios que acusáis Sor Juana Inés de la Cruz
49%
Barroco
46%
Boom
46%
Boom
46%
Prendimiento de Antoñito el Camborio en el camino de Sevilla Federico García Lorca
46%
Modernismo
46%
Peso ancestral Alfonsina Storni
43%
Literatura femenina contemporánea
43%
Literatura femenina contemporánea
43%
Literatura hispana en EEUU
43%
Renacimiento
43%
Vanguardismo
43%
Soneto CLXVI ("Mientras por competir con tu cabello") Luis de Góngora
40%
Modernismo
40%
Barroco
37%
Boom
37%
Salmo XVII ("Miré los muros de la patria mía") Francisco de Quevedo
37%
Visión de los vencidos Miguel León-Portilla
37%
Modernismo
37%
Romanticismo
37%
Barroco
34%
Barroco
34%
Soneto XXIII ("En tanto que de rosa y azucena") Garcilaso de la Vega
34%
Volverán las oscuras golondrinas Gustavo Adolfo Bécquer
34%
Literatura femenina contemporánea
34%
Literatura hispana en EEUU
34%
Renacimiento
34%
Renacimiento
34%
Vanguardismo
34%
Vanguardismo
34%
Generación del 98
31%
Modernismo
31%
Vanguardismo
31%
Generación del 98
29%
Renacimiento
26%
Renacimiento
23%
Romanticismo
23%
No matching quizzes found
Score Distribution
Percent of People with Each Score
Percentile by Number Answered
Your Score History
You have not taken this quiz